[Event "New Zealand Championship"]
[Site "Palmerston North"]
[Date "2024.01.07"]
[Round "6.2"]
[White "Dive, Russell J"]
[Black "Middelburg, Tom"]
[Result "0-1"]
[WhiteElo "2194"]
[BlackElo "2358"]

1. c4 Nf6 2. g3 e6 3. Bg2 d5 4. Nf3 dxc4 5. Qa4+ Nbd7 6. Qxc4 a6 7. Qc2 c5 8.
O-O b5 9. a4 Bb7 10. Nc3 Qb6 11. axb5 axb5 12. Rxa8+ Bxa8 13. Nh4 Bxg2 14. Nxg2
Qc6 15. Qb3 b4 16. Qa4 Qc8 17. Nb1 c4 18. Ne3 Nd5 19. Nxd5 exd5 20. d3 Bc5 21.
dxc4 O-O 22. cxd5 Nf6 23. Qb3 Re8 24. Bg5 Rxe2 25. Qd3 Rxf2 26. Rxf2 Ng4 27.
Qf3 Nxf2 28. Be3 Ng4 29. Bxc5 Qxc5+ 30. Kg2 Qc2+ 31. Kh3 h5 0-1

[Event "New Zealand Championship"]
[Site "Palmerston North"]
[Date "2024.01.07"]
[Round "6.3"]
[White "Steadman, Michael V R"]
[Black "Renjith, Sravan"]
[Result "1/2-1/2"]
[WhiteElo "2072"]
[BlackElo "2257"]

1. d4 d5 2. c4 e6 3. Nc3 c5 4. cxd5 exd5 5. Nf3 Nf6 6. g3 Nc6 7. Bg2 Be7 8. O-O
O-O 9. Bg5 c4 10. e3 Be6 11. b3 Qa5 12. Rc1 Ne4 13. Bxe7 Nxc3 14. Qd2 Nxe7 15.
Rxc3 b5 16. Rcc1 Qxd2 17. Nxd2 Rab8 18. bxc4 bxc4 19. Nb1 Rb2 20. Nc3 Rfb8 21.
e4 dxe4 22. Bxe4 Rd2 1/2-1/2

[Event "New Zealand Championship"]
[Site "Palmerston North"]
[Date "2024.01.07"]
[Round "6.4"]
[White "Cilia Vincenti, David"]
[Black "Tang, Hao"]
[Result "1-0"]
[WhiteElo "1945"]
[BlackElo "2008"]

1. c4 f5 2. Nf3 Nf6 3. Nc3 e6 4. g3 Bb4 5. Qc2 O-O 6. Bg2 d6 7. a3 Bxc3 8. Qxc3
e5 9. d4 e4 10. Ng5 d5 11. O-O h6 12. Nh3 g5 13. cxd5 Nxd5 14. Qb3 Nc6 15. Rd1
Na5 16. Qa4 Nc6 17. Qb3 Be6 18. Qxb7 Qd7 19. f4 exf3 20. Bxf3 f4 21. Nf2 fxg3
22. hxg3 Rad8 23. Rd3 g4 24. Bg2 Qf7 25. Ne4 Bf5 26. Bxh6 Bxe4 27. Bxf8 Bxg2
28. Kxg2 Rxf8 29. Qxc6 Kg7 30. Kh1 Qh5+ 31. Kg1 Qf5 32. Kh1 Rf6 33. Qe8 Re6 34.
Qd7+ Ne7 35. Kg1 Qe4 36. Qb5 Rf6 37. Qe5 Qxe5 38. dxe5 Re6 39. Rc1 Rxe5 40.
Rxc7 Rxe2 41. Rdd7 Kf6 42. Rxe7 Rxe7 43. Rxe7 Kxe7 44. Kf2 Kd6 45. Ke3 Ke5 46.
b4 Kd5 47. Kd3 a6 48. a4 1-0

[Event "New Zealand Championship"]
[Site "Palmerston North"]
[Date "2024.01.07"]
[Round "6.5"]
[White "Carpinter, Anthony L"]
[Black "Ning, Isabelle Yixuan"]
[Result "1-0"]
[WhiteElo "2080"]
[BlackElo "1958"]

1. Nf3 Nf6 2. b3 g6 3. Bb2 Bg7 4. g3 O-O 5. Bg2 d6 6. d4 Nbd7 7. O-O c6 8. a4
Qc7 9. Nbd2 Re8 10. e4 e5 11. dxe5 dxe5 12. Re1 Nc5 13. b4 Na6 14. Bc3 Bg4 15.
Qc1 Rad8 16. Qb2 Bxf3 17. Nxf3 Ng4 18. h3 Nh6 19. Bf1 f6 20. Rad1 Nf7 21. Bc4
Kh8 22. Kg2 Nd6 23. Bd3 c5 24. b5 Nb8 25. Bf1 Nd7 26. a5 b6 27. a6 Nf8 28. Nd2
Ne6 29. Nc4 Ng5 30. Nxd6 Rxd6 31. Rxd6 Qxd6 32. h4 Ne6 33. Bc4 Nd4 34. Bd2 Rd8
35. Bc1 Qd7 36. c3 Ne6 37. Qe2 f5 38. h5 Qe8 39. hxg6 Qxg6 40. exf5 Qxf5 41.
Qe4 Qxe4+ 42. Rxe4 Rd1 43. Be3 Nc7 44. Be2 Rd8 45. Bg5 Rd7 46. Bg4 Rd3 47. f4
h6 48. Bh4 Nxb5 49. fxe5 Nxc3 50. Re1 Nd5 51. e6 Bf8 52. e7 Bxe7 53. Bxe7 Ne3+
54. Kh3 Nxg4 55. Kxg4 Kg7 56. Bh4 c4 57. Re7+ Kg6 58. Rxa7 h5+ 59. Kf4 Ra3 60.
Be7 Ra4 61. Ke3 b5 62. Kd4 Ra1 63. Bb4 Rd1+ 64. Kc5 Rb1 65. Rd7 Ra1 66. Kxb5
Kf5 67. a7 Kg4 68. Ba5 Rb1+ 69. Kc5 1-0

[Event "New Zealand Championship"]
[Site "Palmerston North"]
[Date "2024.01.07"]
[Round "6.6"]
[White "Young, Cohen"]
[Black "Smith, Robert W"]
[Result "0-1"]
[WhiteElo "1829"]
[BlackElo "2152"]

1. e4 c6 2. Nc3 d5 3. Nf3 Bg4 4. h3 Bxf3 5. Qxf3 e6 6. Be2 Nf6 7. O-O Be7 8. e5
Nfd7 9. Qg3 O-O 10. d4 Kh8 11. Be3 c5 12. dxc5 Nc6 13. Rad1 Ncxe5 14. b4 a5 15.
Nxd5 Bh4 16. Qh2 exd5 17. Rxd5 Qe7 18. Rfd1 axb4 19. Bb5 Rfd8 0-1

[Event "New Zealand Championship"]
[Site "Palmerston North"]
[Date "2024.01.07"]
[Round "6.7"]
[White "Fulo, Nunilon III"]
[Black "VanMeter, Lester"]
[Result "1/2-1/2"]
[WhiteElo "2002"]
[BlackElo "1810"]

1. e4 c5 2. Nf3 Nc6 3. d4 cxd4 4. Nxd4 Nf6 5. Nc3 d6 6. Be2 g6 7. Be3 Bg7 8.
Nb3 O-O 9. Qd2 Ng4 10. Bxg4 Bxg4 11. f3 Be6 12. Bh6 Qb6 13. Bxg7 Kxg7 14. O-O-O
a5 15. Nd5 Bxd5 16. exd5 a4 17. Na1 Ne5 18. f4 Ng4 19. Rde1 Rfe8 20. c3 Qc5 21.
Nc2 Nf6 22. Nb4 a3 23. Re2 Rec8 24. Kb1 axb2 25. Rxe7 Ra3 26. Qxb2 Rxc3 27.
Rxb7 Nxd5 28. Nxd5 Qxd5 29. Rb3 Qd3+ 30. Ka1 d5 31. Rc1 d4 32. Rbxc3 Rxc3 33.
Rxc3 dxc3 34. Qc1 f6 35. g3 h5 36. a4 Kh7 1/2-1/2

[Event "New Zealand Championship"]
[Site "Palmerston North"]
[Date "2024.01.07"]
[Round "6.8"]
[White "Lee, Miles"]
[Black "Archer, Ollie"]
[Result "1-0"]
[WhiteElo "1968"]
[BlackElo "2024"]

1. e4 c6 2. d4 d5 3. e5 Bf5 4. h4 a6 5. Ne2 h6 6. Ng3 Bd7 7. Bd3 c5 8. dxc5 e6
9. Qg4 Qc7 10. f4 Qxc5 11. Nd2 Qe3+ 12. Kf1 Qb6 13. b4 Nc6 14. Rb1 Nge7 15. Rh3
g6 16. Nge4 dxe4 17. Nc4 Qc7 18. Nd6+ Kd8 19. Bxe4 Rh7 20. b5 axb5 21. Nxb5 Qa5
22. Ra3 Qxb5+ 23. Rxb5 Rxa3 24. Bxa3 Nd5 25. Bxd5 Bxa3 26. Rxb7 1-0

[Event "New Zealand Championship"]
[Site "Palmerston North"]
[Date "2024.01.07"]
[Round "6.9"]
[White "Langford, Joshua"]
[Black "Qin, Oscar Shu Xuan"]
[Result "0-1"]
[WhiteElo "1869"]
[BlackElo "1880"]

1. e4 e5 2. Nf3 Nc6 3. Bc4 Bc5 4. c3 Nf6 5. d3 O-O 6. O-O d5 7. exd5 Nxd5 8.
Re1 Nb6 9. Bb5 f6 10. Nbd2 Ne7 11. Ne4 Bd6 12. d4 exd4 13. cxd4 Ned5 14. Bd3
Bg4 15. h3 Bh5 16. Ng3 Bxg3 17. fxg3 Qd6 18. Kh2 Kh8 19. Bd2 c6 20. Qc2 Bxf3
21. gxf3 h6 22. Re4 Nb4 23. Bxb4 Qxb4 24. Rae1 Rad8 25. a3 Qd6 26. Qe2 f5 27.
Re5 Qxd4 28. Bxf5 Nc4 29. Bb1 Nxe5 30. Qxe5 Qf2+ 31. Kh1 Rd2 0-1

[Event "New Zealand Championship"]
[Site "Palmerston North"]
[Date "2024.01.07"]
[Round "6.11"]
[White "Chang, Yolanda"]
[Black "Zhang, Kendrick Botong"]
[Result "1/2-1/2"]
[WhiteElo "1595"]
[BlackElo "1815"]

1. e4 c5 2. Nf3 e6 3. c3 d5 4. e5 d4 5. Bd3 Bd7 6. Qe2 Bc6 7. Be4 Ne7 8. O-O
Bxe4 9. Qxe4 Nbc6 10. Na3 a6 11. Nc2 Ng6 12. cxd4 cxd4 13. Ncxd4 Ngxe5 14. Nxc6
Nxc6 15. d4 Be7 16. Bf4 O-O 17. Rfd1 Bf6 18. Be5 Qe7 19. Bxf6 Qxf6 20. Ne5 Rfc8
21. Rd3 Nxe5 22. dxe5 Qe7 23. Rad1 Rc7 24. h3 Rac8 25. Qa4 g6 26. Qf4 Kg7 27.
Rd4 Rf8 28. Qd2 Rfc8 29. Qf4 1/2-1/2

[Event "New Zealand Championship"]
[Site "Palmerston North"]
[Date "2024.01.07"]
[Round "6.12"]
[White "Steele, Hayden"]
[Black "Yu, Zachary"]
[Result "1-0"]
[WhiteElo "1493"]
[BlackElo "1861"]

1. e4 c5 2. c3 d5 3. exd5 Qxd5 4. Nf3 Nf6 5. d4 e6 6. Na3 a6 7. Nc4 Nbd7 8. Be2
b5 9. Ne3 Qc6 10. Ne5 Nxe5 11. dxe5 Nd5 12. Bf3 Bb7 13. a4 c4 14. Nc2 Qc7 15.
Qe2 Bc5 16. O-O O-O 17. Re1 Bc6 18. Be4 Nb6 19. Qh5 Bxe4 20. Rxe4 f5 21. exf6
Rxf6 22. Be3 Bxe3 23. Nxe3 Rh6 24. Qe5 Qxe5 25. Rxe5 Nxa4 26. Nxc4 Rc8 27. Ne3
Rc6 28. c4 Nxb2 29. cxb5 axb5 30. Rxb5 Nc4 31. Ng4 Rh4 32. f3 Nd6 33. Ra8+ Kf7
34. Rba5 Rc1+ 35. Kf2 Ne4+ 36. Ke3 Re1+ 37. Kd3 Nf6 38. R8a7+ Kg6 39. Ne5+ Rxe5
40. Rxe5 Rxh2 41. g4 Rb2 42. Rxe6 Rb3+ 43. Ke2 Rb2+ 44. Ke3 Rb3+ 45. Kf4 Rb4+
46. Kg3 Rb3 47. Ree7 1-0

[Event "New Zealand Championship"]
[Site "Palmerston North"]
[Date "2024.01.07"]
[Round "6.13"]
[White "Gong, Daniel Hanwen"]
[Black "Liu, William Rui"]
[Result "1/2-1/2"]
[WhiteElo "2319"]
[BlackElo "1853"]

1. d4 d5 2. Bf4 Nf6 3. e3 c5 4. Nf3 Nc6 5. Nbd2 e6 6. c3 Bd6 7. Bg3 O-O 8. Bb5
Ne7 9. Bd3 b6 10. e4 dxe4 11. Nxe4 Nxe4 12. Bxe4 Rb8 13. dxc5 Bxg3 14. hxg3
Qxd1+ 15. Kxd1 f5 16. Bd3 bxc5 17. Kc2 Rb6 18. Rae1 Rd8 19. Re5 Rbd6 20. Bc4
Nd5 21. Rhe1 h6 22. Bxd5 exd5 23. Nh4 Rf8 24. Re7 g5 25. Nf3 Rf7 26. Re8+ Rf8
27. R8e7 Rf7 28. Rxf7 Kxf7 29. Ne5+ Kf6 30. f4 Bb7 31. Nd3 d4 32. Nxc5 Bxg2 33.
Re2 d3+ 34. Nxd3 Be4 35. fxg5+ Kxg5 36. Re3 Kg4 37. c4 Rxd3 38. Rxd3 Bxd3+ 39.
Kxd3 Kxg3 40. c5 f4 41. c6 f3 42. c7 f2 43. c8=Q f1=Q+ 1/2-1/2

[Event "New Zealand Championship"]
[Site "Palmerston North"]
[Date "2024.01.07"]
[Round "6.14"]
[White "Ker, Anthony F"]
[Black "McDougall, Euan"]
[Result "1/2-1/2"]
[WhiteElo "2249"]
[BlackElo "1747"]

1. e4 e6 2. d4 d5 3. e5 c5 4. c3 Nc6 5. Nf3 Qb6 6. Bd3 Bd7 7. O-O cxd4 8. Re1
Rc8 9. Ng5 g6 10. Qf3 Nh6 11. Qf6 Rg8 12. Nxh7 Bg7 13. Qg5 Nf5 14. Bxf5 exf5
15. cxd4 Qxd4 16. Nc3 Nb4 17. Rd1 Qg4 18. Qxg4 fxg4 19. Bf4 Bf5 20. Nxd5 Nxd5
21. Rxd5 g5 22. Nf6+ Bxf6 23. exf6 Be6 24. Rxg5 Rxg5 25. Bxg5 Rc2 26. b3 Kf8
27. Be3 a6 28. h4 gxh3 29. gxh3 Bxh3 30. Kh2 Be6 31. Rd1 Ke8 32. Bb6 Bd7 33. a4
Rc6 34. Bd4 Rd6 35. a5 Rd5 36. b4 Rd6 37. Rg1 Bc6 38. Be5 Rd2 39. Kg3 Kd7 40.
Rc1 Ke6 41. Re1 Kf5 42. Re3 Rd1 43. f3 Rg1+ 44. Kf2 Rh1 45. Bc3 Kg6 46. Re5 Rh3
47. Re3 Rh1 48. Kg3 Rg1+ 49. Kf4 Rf1 50. Rd3 Rc1 51. Re3 Rf1 52. Rd3 1/2-1/2

[Event "New Zealand Championship"]
[Site "Palmerston North"]
[Date "2024.01.07"]
[Round "6.15"]
[White "Lu, Xiahan (Luna)"]
[Black "Burns, Christopher J"]
[Result "1-0"]
[WhiteElo "1471"]
[BlackElo "1926"]

1. d4 d5 2. c4 dxc4 3. Nf3 a6 4. e3 b5 5. a4 c6 6. b3 cxb3 7. axb5 cxb5 8.
Bxb5+ Nd7 9. Ne5 Rb8 10. Nc6 Qb6 11. Nxb8 Qxb5 12. Nxd7 b2 13. Bxb2 Qxb2 14.
Nd2 Bxd7 15. Rb1 Qc3 16. Rb8+ Bc8 17. O-O Kd8 18. Qc1 Qc7 19. Qb2 e6 20. Rc1
Bd6 21. Rxc7 Bxc7 22. Rb3 Nf6 23. e4 Re8 24. Qa3 Re7 25. Rc3 Rd7 26. Qf8+ Ne8
27. Qb4 a5 28. Qa4 Bb7 29. Nb3 Bxe4 30. Nc5 Nf6 31. Nxd7 Nxd7 32. Qc4 Bd6 33.
Qa6 Bb4 34. Qc8+ Ke7 35. Rc7 1-0

[Event "New Zealand Championship"]
[Site "Palmerston North"]
[Date "2024.01.07"]
[Round "6.16"]
[White "van der Hoorn, Thomas"]
[Black "McDonald, Duncan"]
[Result "1/2-1/2"]
[WhiteElo "1882"]
[BlackElo "1657"]

1. e4 c5 2. Nf3 Nc6 3. d4 cxd4 4. Nxd4 g6 5. c4 Nf6 6. Nc3 d6 7. Be2 Nxd4 8.
Qxd4 Bg7 9. Be3 O-O 10. Qd3 Qa5 11. O-O Be6 12. b3 Rfc8 13. Rac1 a6 14. f4 Nd7
15. f5 Nc5 16. Qc2 Qxc3 17. Qxc3 Bxc3 18. fxe6 Bf6 19. exf7+ Kxf7 20. b4 Nd7
21. Bg4 e6 22. Bf4 Ke7 23. Rfd1 Be5 24. Bg5+ Bf6 25. Bf4 Be5 26. Bg5+ Bf6
1/2-1/2

[Event "New Zealand Championship"]
[Site "Palmerston North"]
[Date "2024.01.07"]
[Round "6.17"]
[White "Metge, J Nigel"]
[Black "Praveen, Jeeva"]
[Result "0-1"]
[WhiteElo "1787"]
[BlackElo "1640"]

1. d4 Nf6 2. c4 e6 3. Nc3 Bb4 4. a3 Bxc3+ 5. bxc3 c5 6. f3 d5 7. e3 O-O 8. cxd5
exd5 9. Bd3 Re8 10. Ne2 Nc6 11. O-O b6 12. Ng3 Bb7 13. Ra2 Rc8 14. Raf2 Rc7 15.
Nf5 Ne7 16. g4 Nxf5 17. Bxf5 Ba6 18. Re1 Rce7 19. dxc5 bxc5 20. g5 Nh5 21. f4
g6 22. Bg4 d4 23. cxd4 cxd4 24. Rd2 Nxf4 25. Rxd4 Qc7 26. Rd7 Rxd7 27. Qxd7
Qxd7 28. Bxd7 Re5 29. h4 Nd3 30. Rd1 Re4 31. Bc8 Bc4 32. Bd2 Bd5 33. Be1 Rxe3
34. Bf2 Rf3 35. Be1 Nxe1 36. Rxd5 Rxa3 37. Rd8+ Kg7 38. Kf2 Nf3 39. Rd7 Nxh4
40. Bb7 Ra2+ 41. Kg1 Ra5 42. Bd5 Kf8 43. Rxf7+ Ke8 44. Rxh7 Rxd5 45. Rxh4 Rxg5+
46. Kf2 Re5 47. Rh8+ Kd7 48. Rg8 Kc6 49. Rxg6+ Kb5 50. Rg7 a5 51. Rb7+ Ka6 52.
Rb8 a4 53. Ra8+ Kb5 54. Rb8+ Ka5 55. Ra8+ Kb4 56. Rb8+ Rb5 57. Ra8 a3 58. Ke3
Kb3 59. Kd2 Kb2 60. Rc8 a2 61. Rc2+ Ka3 62. Rc3+ Rb3 63. Rc1 Rb1 64. Rc8 a1=Q
65. Ra8+ Kb4 66. Rb8+ Kc5 67. Rc8+ Kd6 0-1

[Event "New Zealand Championship"]
[Site "Palmerston North"]
[Date "2024.01.07"]
[Round "6.18"]
[White "Malcolm, Leo"]
[Black "Forster, William"]
[Result "0-1"]
[WhiteElo "1688"]
[BlackElo "1790"]

1. e4 c5 2. Nf3 e6 3. d4 cxd4 4. c3 d5 5. exd5 Qxd5 6. cxd4 Nf6 7. a3 Be7 8.
Nc3 Qd8 9. Bd3 O-O 10. Bf4 Nbd7 11. O-O Nb6 12. Rc1 Nbd5 13. Be5 Nxc3 14. Rxc3
Nd5 15. Rc1 Bd7 16. Bb1 g6 17. Qd2 Re8 18. h4 Bf8 19. g4 f6 20. Bg3 Qe7 21. g5
Bg7 22. Kg2 Bc6 23. Rh1 Rad8 24. h5 f5 25. Rxc6 bxc6 26. hxg6 hxg6 27. Ne5 f4
28. Bxg6 Bxe5 29. Bh4 Rf8 30. Kg1 Bg7 31. Bh7+ Kh8 32. Qd3 Rd7 33. Bg3 Qxg5 34.
Bf5+ Bh6 35. Bg6 fxg3 36. Rh5 gxf2+ 37. Kf1 Qg1+ 0-1

[Event "New Zealand Championship"]
[Site "Palmerston North"]
[Date "2024.01.07"]
[Round "6.19"]
[White "Zhu, David Junyang"]
[Black "Thurner, Anya"]
[Result "1/2-1/2"]
[WhiteElo "1721"]
[BlackElo "1648"]

1. d4 d5 2. c4 e6 3. Nf3 Nf6 4. g3 Be7 5. Bg2 O-O 6. O-O Nbd7 7. cxd5 exd5 8.
Nc3 c6 9. Bf4 Re8 10. Rc1 Nf8 11. Ne5 Ng6 12. Nxg6 hxg6 13. f3 Be6 14. Na4 Qd7
15. Nc5 Bxc5 16. Rxc5 Bh3 17. Re1 Bxg2 18. Kxg2 Rac8 19. Be5 Qe7 20. Bxf6 gxf6
21. e3 Kg7 22. Qa4 Qc7 23. Qc2 Qd7 24. Qf2 Rh8 25. g4 Qd6 26. Qg3 Qd7 27. h4 f5
28. Rh1 Rce8 29. Rc3 fxg4 30. Qxg4 Qxg4+ 31. fxg4 Re4 32. Kf3 f5 33. gxf5 Rf8
34. Rb3 Rxf5+ 35. Kg3 Rf7 36. Rh2 Rfe7 37. Kf3 Rf7+ 1/2-1/2

[Event "New Zealand Championship"]
[Site "Palmerston North"]
[Date "2024.01.07"]
[Round "6.20"]
[White "Xu, Luna Yuexiu"]
[Black "Wang, Aaron Ziwen"]
[Result "1/2-1/2"]
[WhiteElo "1407"]
[BlackElo "1669"]

1. e4 c5 2. Nf3 Nc6 3. d4 cxd4 4. Nxd4 g6 5. Nc3 Bg7 6. Be3 Nf6 7. Be2 O-O 8.
O-O d5 9. exd5 Nxd5 10. Nxd5 Nxd4 11. Bxd4 Qxd5 12. Bxg7 Qxd1 13. Raxd1 Kxg7
14. Bf3 Rb8 15. Rfe1 Be6 16. Bd5 Bxd5 17. Rxd5 Rfd8 18. Red1 Rxd5 19. Rxd5 Rc8
20. c3 Rc7 21. Kf1 Kf6 22. f4 e6 23. Rd2 b5 24. g3 h5 25. Kf2 Kf5 26. Kf3 a5
27. h4 a4 28. a3 Rc5 29. Rd7 f6 30. Rd4 Rd5 31. Rb4 e5 32. fxe5 Rxe5 33. c4
bxc4 34. Rxc4 Rb5 35. Rxa4 Rxb2 36. Ra5+ Ke6 37. Ra6+ Kf5 38. Ra5+ Ke6 1/2-1/2

[Event "New Zealand Championship"]
[Site "Palmerston North"]
[Date "2024.01.07"]
[Round "6.21"]
[White "Braganza, Nadia"]
[Black "Yu, Weiyang (Cadence)"]
[Result "1-0"]
[WhiteElo "1808"]
[BlackElo "1551"]

1. c4 e6 2. g3 d5 3. Bg2 Nf6 4. Nf3 d4 5. O-O Nc6 6. b3 Bc5 7. Bb2 O-O 8. e3 e5
9. exd4 exd4 10. d3 Bg4 11. h3 Bh5 12. g4 Bg6 13. Nh4 Qd7 14. Nxg6 fxg6 15. Nd2
Rae8 16. a3 a5 17. Qc2 Qd6 18. Ne4 Nxe4 19. Bxe4 Rxe4 20. dxe4 d3 21. e5 Nxe5
22. Bxe5 Qxe5 23. Qxd3 c6 24. Kg2 Bd6 25. Rh1 Qb2 26. Qe3 Bf4 27. Qe6+ Kh8 28.
Rhf1 Qxb3 29. Qe7 Kg8 30. Rab1 Qxc4 31. Rxb7 Qd5+ 32. Kg1 Be5 33. Rd7 Qe4 34.
Qe6+ Kh8 35. Re7 1-0

[Event "New Zealand Championship"]
[Site "Palmerston North"]
[Date "2024.01.07"]
[Round "6.22"]
[White "Gan, Emily Cathay"]
[Black "Baker, Ilias Angelo (Leo)"]
[Result "1/2-1/2"]
[WhiteElo "1570"]
[BlackElo "1649"]

1. c4 e6 2. Nc3 Bb4 3. Qc2 Nf6 4. a3 Bxc3 5. Qxc3 d5 6. cxd5 exd5 7. Nf3 O-O 8.
d3 Nc6 9. Be3 Re8 10. g3 Bg4 11. Nd4 Ne5 12. Bg2 Rc8 13. b4 c6 14. h3 Bd7 15.
O-O h6 16. Nb3 a6 17. Bd4 Qe7 18. f4 Ng6 19. Bxf6 Qxf6 20. Qxf6 gxf6 21. e4
dxe4 22. dxe4 c5 23. bxc5 Be6 24. Rf3 Bxb3 25. Rxb3 Rxc5 26. Rd1 Rec8 27. Kf2
Kf8 28. Ke3 Ke7 29. Rbd3 R8c7 30. Rd5 Nf8 31. Rxc5 Rxc5 32. Rd3 Ne6 33. Bf3 Rc2
34. Rd2 Rc3+ 35. Rd3 Rc2 1/2-1/2

[Event "New Zealand Championship"]
[Site "Palmerston North"]
[Date "2024.01.07"]
[Round "6.23"]
[White "Sun, Wanyao Sarah"]
[Black "Wang, Justin Zhide"]
[Result "0-1"]
[WhiteElo "1614"]
[BlackElo "1667"]

1. e4 e6 2. d4 d5 3. Nc3 Nf6 4. e5 Nfd7 5. f4 c5 6. Nf3 Nc6 7. Be3 a6 8. Qd2 b5
9. dxc5 Bxc5 10. Bd3 Qb6 11. Bf2 Bxf2+ 12. Qxf2 Qxf2+ 13. Kxf2 Nc5 14. Rad1 g6
15. a3 b4 16. axb4 Nxb4 17. Rd2 Bd7 18. Ra1 Nbxd3+ 19. cxd3 Nb3 20. Rdd1 Nxa1
21. Rxa1 Ke7 22. g4 Rhb8 23. Ra2 a5 24. f5 Rb4 25. d4 a4 26. f6+ Kd8 27. Ke3
Ke8 28. Ne1 Bb5 29. Nc2 Rb3 30. Na1 Rb4 31. Nc2 Rc4 32. Na3 Rxc3+ 33. bxc3 Bc4
34. Nxc4 dxc4 35. g5 Kd7 36. Kd2 Kc6 37. Kc2 Kd5 38. Kd2 Ke4 39. Ke2 Kf4 40. h4
Kg4 41. Ke3 Kg3 42. Ke4 Ra5 43. Ra3 Kf2 44. d5 exd5+ 45. Kd4 Kg3 46. e6 fxe6
47. f7 e5+ 48. Kxe5 d4+ 49. Ke6 Ra6+ 50. Kd5 Ra5+ 51. Ke6 Ra6+ 52. Ke5 Ra5+ 53.
Kf6 Rf5+ 54. Kg7 d3 55. Rxa4 d2 56. Ra1 Kf2 57. f8=Q Rxf8 58. Kxf8 Ke2 59. Kg7
Kd3 60. Kxh7 Kxc3 61. Kxg6 Kb2 62. Rf1 c3 63. h5 c2 64. h6 d1=Q 65. Rxd1 cxd1=Q
66. h7 Qd4 67. Kh5 Qg7 68. g6 Kc3 69. Kg5 Kd4 70. Kf5 Kd5 71. Kf4 Qf6+ 72. Ke3
Ke5 0-1

[Event "New Zealand Championship"]
[Site "Palmerston North"]
[Date "2024.01.07"]
[Round "6.24"]
[White "Timergazi, Layla"]
[Black "Weng, Winston"]
[Result "1-0"]
[WhiteElo "1995"]
[BlackElo "1738"]

1. d4 d5 2. Nc3 Nf6 3. Bf4 c6 4. e3 Bf5 5. Bd3 Bg6 6. Nf3 e6 7. O-O Nbd7 8. Ne2
Nh5 9. Ne5 Nxf4 10. exf4 Bd6 11. Ng3 Bxd3 12. Qxd3 f6 13. Ng4 O-O 14. Rfe1 f5
15. Qe3 Re8 16. Ne5 Bxe5 17. fxe5 b6 18. Rac1 b5 19. b3 Qa5 20. Nh5 Kh8 21. c4
g6 22. Nf4 bxc4 23. bxc4 Nb6 24. Nxg6+ Kg7 25. Nh4 Nxc4 26. Rxc4 Qxe1+ 27. Qxe1
dxc4 28. Qa5 Red8 29. Nf3 c5 30. Qxc5 Rac8 31. Qe7+ Kg8 32. Ng5 1-0

[Event "New Zealand Championship"]
[Site "Palmerston North"]
[Date "2024.01.07"]
[Round "6.25"]
[White "Ng, Lok Jim (Lauren)"]
[Black "Rowe, Abigail"]
[Result "0-1"]
[WhiteElo "1348"]
[BlackElo "1357"]

1. d4 Nf6 2. c4 e6 3. Nc3 Bb4 4. Qc2 c5 5. e3 cxd4 6. exd4 Nc6 7. Be3 O-O 8.
Bd3 d5 9. a3 dxc4 10. Bxc4 Nxd4 11. Qd1 Bxc3+ 12. bxc3 Nc6 13. Nf3 b6 14. O-O
Bb7 15. Qe2 h6 16. Rfd1 Qe7 17. a4 Rfd8 18. Bb5 Rxd1+ 19. Rxd1 Rd8 20. h3 Rxd1+
21. Qxd1 Qd7 22. Qxd7 Nxd7 23. Nd4 Nxd4 24. Bxd4 Nc5 25. a5 f6 26. axb6 axb6
27. Bc4 Kf7 28. f4 Ke7 29. g4 g5 30. fxg5 hxg5 31. Kf2 e5 32. Be3 Kd6 33. Bxc5+
Kxc5 34. Be6 Bd5 35. Bxd5 Kxd5 36. Ke3 e4 37. Ke2 Ke5 38. Ke3 b5 39. Ke2 Kf4
40. Kf2 e3+ 41. Ke2 Ke4 42. Ke1 Kd3 43. Kd1 e2+ 44. Ke1 Ke3 45. h4 gxh4 46. g5
h3 47. gxf6 h2 48. f7 h1=Q# 0-1

[Event "New Zealand Championship"]
[Site "Palmerston North"]
[Date "2024.01.08"]
[Round "7.1"]
[White "Middelburg, Tom"]
[Black "Carpinter, Anthony L"]
[Result "1-0"]
[WhiteElo "2358"]
[BlackElo "2080"]

1. e4 e6 2. d4 d5 3. Nc3 Nf6 4. Bg5 Be7 5. e5 Nfd7 6. Bxe7 Qxe7 7. f4 a6 8. Nf3
Nb6 9. Qd2 Bd7 10. Bd3 c5 11. dxc5 Qxc5 12. Qf2 Qxf2+ 13. Kxf2 Nc6 14. b3 Rc8
15. Ne2 Nb4 16. Nfd4 Nxd3+ 17. cxd3 f6 18. h4 Ke7 19. h5 h6 20. Rh3 Be8 21. Re3
fxe5 22. Rxe5 Bf7 23. g4 Kd6 24. Re3 Nd7 25. Ng1 Nf6 26. Kg3 Rhf8 27. Rae1 Rfe8
28. Ngf3 Nd7 29. Kh4 Bg8 30. Nf5+ 1-0

[Event "New Zealand Championship"]
[Site "Palmerston North"]
[Date "2024.01.08"]
[Round "7.2"]
[White "Renjith, Sravan"]
[Black "Croad, Nicolas"]
[Result "1/2-1/2"]
[WhiteElo "2257"]
[BlackElo "2171"]

1. e4 e5 2. Nf3 Nc6 3. Nc3 Nf6 4. d4 exd4 5. Nxd4 Bb4 6. Nxc6 bxc6 7. Bd3 d5 8.
exd5 O-O 9. O-O cxd5 10. Bg5 c6 11. Qf3 Be7 12. h3 h6 13. Bf4 Bd6 14. Ne2 c5
15. b3 Rb8 16. Bxd6 Qxd6 17. Ng3 Re8 18. Rae1 Bd7 19. Nf5 Bxf5 20. Qxf5 g6 21.
Qf3 Kg7 22. g3 Re5 23. Qf4 Rbe8 24. Rxe5 Rxe5 25. Rd1 Nh5 26. Qf3 Nf6 27. Qf4
1/2-1/2

[Event "New Zealand Championship"]
[Site "Palmerston North"]
[Date "2024.01.08"]
[Round "7.3"]
[White "Hague, Ben"]
[Black "Cilia Vincenti, David"]
[Result "1-0"]
[WhiteElo "2337"]
[BlackElo "1945"]

1. e4 e5 2. Nf3 Nc6 3. d4 exd4 4. Nxd4 Nf6 5. Nxc6 bxc6 6. e5 Qe7 7. Qe2 Nd5 8.
h4 Qe6 9. g3 d6 10. c4 Nb6 11. Bg2 dxe5 12. b3 Bb4+ 13. Nd2 Bc3 14. Rb1 O-O 15.
O-O Qg6 16. Qf3 Bd4 17. h5 Qg4 18. Ba3 Rd8 19. Rbd1 Qxf3 20. Bxf3 Bh3 21. Rfe1
Bc3 22. Bxc6 Rab8 23. Re2 Bg4 24. f3 Bxh5 25. Kg2 Bg6 26. Bc1 Bd3 27. Re3 Bc2
28. Rxc3 Bxd1 29. Kf2 Rd6 30. Be4 Nd7 31. Ke1 Bxf3 32. Bxf3 Rg6 33. Kf2 Nc5 34.
Ba3 Ne6 35. Re3 Rd8 36. Nf1 Rh6 37. Rxe5 Nd4 38. Bc5 Nxf3 39. Kxf3 Rf6+ 40. Ke2
Rc6 41. b4 Ra6 42. Re7 Rxa2+ 43. Kf3 a5 44. bxa5 Rxa5 45. Rxc7 g5 46. Ne3 Kg7
47. Bb6 Ra6 48. Nf5+ Kg8 49. Nh6+ Kg7 50. Rxf7+ Kxh6 51. Bxd8 1-0

[Event "New Zealand Championship"]
[Site "Palmerston North"]
[Date "2024.01.08"]
[Round "7.4"]
[White "Smith, Robert W"]
[Black "Steadman, Michael V R"]
[Result "0-1"]
[WhiteElo "2152"]
[BlackElo "2072"]

1. e4 e6 2. d4 d5 3. Nc3 Bb4 4. e5 c5 5. a3 Bxc3+ 6. bxc3 Nc6 7. h4 Qa5 8. Bd2
Qa4 9. h5 cxd4 10. Nf3 f6 11. h6 g6 12. cxd4 Nxd4 13. Bd3 Nxf3+ 14. Qxf3 Qd4
15. O-O Qxe5 16. Rfe1 Qd6 17. Rab1 Kf7 18. c4 dxc4 19. Rxb7+ Bxb7 20. Qxb7+ Ne7
21. Bb4 Rhb8 22. Qxa8 Rxa8 23. Bxd6 cxd3 24. Rb1 Rd8 25. Bf4 Rd7 26. Kf1 g5 27.
Bd2 Nd5 28. a4 Kg6 29. a5 Kxh6 30. g3 Kg6 31. Rb3 Ne7 32. a6 Nc6 33. Rb7 Rd6
34. Ke1 h5 35. f4 Kf5 36. fxg5 fxg5 37. Rg7 g4 38. Kf2 Ke4 39. Rh7 e5 40. Rxh5
Rf6+ 41. Kg2 Nd4 42. Rg5 Rxa6 43. Rxg4+ Kd5 0-1